000 00620nam a2200241Ia 4500
003 OSt
005 20221007101356.0
006 a|||||r|||| 00| 0
007 ta
008 221006b |||||||| |||| 00| 0 eng d
024 _a6,347
037 _cTextual
040 _aLCO
_cLCO
_beng
041 _2eng
_aeng
082 _aW6:11, L1
100 _aSHIV LAL
245 0 _aSectarian Politics in India & Pakistan since, 1857
260 _aN.
_bDelhi Election Archives
_c1971
300 _a160
650 _aPOLITICS
_9265771
942 _hW6:11, L1
_cTEXL
999 _c1175910
_d1175910